1301 1997 1299 1425 1548 1483 1078 1841 1037 1721 1170 1256 1532 1606 1236 1773 1249 1730 1790 1470 1589 1683 1119 1129 1291 1278 1182 1705 1596 1181 1684 1370 1723 1482 1254 1851 1906 1509 1056 1183 1487 1811 1998 1383 1825 1425 1518 1442 1894 1754 1876 1991 1137 1808 1137 1543 1453 1293 1869 1043 1241 1202 1262 1000 1568 1304 1358 1226 1793 1691 1025 1554 1587 1929 1524 1149 1440 1525 1996 1859 1279 1008 1456 1134 1269 1179 1058 1773 1581 1101 1673 1871 1602 1816 1921 1161 1836 1839 1405 BCNSPRNW ULIB Ver.6.0+V

เปลี่ยนเป็นภาษาไทย

Change to English
 แสดงรายละเอียดบรรณานุกรม
  กลับหน้าหลัก

Brief Record : Get Marc (ISO 2709) : E-mail record : QR code < ปิดหน้าต่าง
LEADER : 00000nam 2200000uu 4500
001    13399119990
003     ULIB
008    120821s2555||||th 000 0 tha d
020    ^a9789741116348
060 04 ^aWS125^bก511
245 00 ^aการเลี้ยงลูกด้วยนมแม่ /^cกรรณิการ์ วิจิตรสุคนธ์ ... [และคนอื่นๆ]
250    ^aพิมพ์ครั้งที่ 2
260    ^aกรุงเทพฯ :^bศูนย์ฝึกอบรมการเลี้ยงลูกด้วยนมแม่และโภชนาการเด็ก คณะพยาบาลศาสตร์ มหาวิทยาลัยมหิดล,^c2555
300    ^aก-ช, 226 หน้า :^bภาพประกอบ ;^c26 ซม.
650  4 ^aการเลี้ยงลูกด้วยนมแม่
650  4 ^aการให้น้ำนมมารดา
650  4 ^aน้ำนมมารดา, การเลี้ยงลูก
650  4 ^aโภชนาการทารก
700 0  ^aกรรณิการ์ วิจิตสุคนธ์,^eบรรณาธิการ
710 2  ^aมหาวิทยาลัยมหิดล. ^bคณะพยาบาลศาสตร์.
945    ^p250^l0^i19272
945    ^p250^l0^i19273
945    ^p250^l0^i19274
945    ^p250^l0^i19702
945    ^p250^l0^i19703
995    ^aเกษร
999 ^a ใช้งานได้ทุกระบบ
รายการนี้ยังไม่มีแท็ก
คุณยังไม่ได้ล็อกอิน คุณสามารถมีกิจกรรมร่วมกับเว็บไซต์ได้ แต่ต้องล็อกอินก่อน ::
  ล็อกอิน

รายการสื่อสารสนเทศ

ลำดับที่ ประเภท เลขเรียก/บาร์โค้ด สถานที่ สถานะ
1. วิทยาศาสตร์การแพทย์ และสุขภาพ
หนังสือสำรอง
สถานะ=หนังสือสำรอง
WS125 ก511 ฉ.1 
  Barcode: 19272
ห้องสมุดวิทยาเขตนครสวรรค์
►ส่วนจัดเก็บหนังสือเก่า นว.
บนชั้น
  ขอยืม
2. วิทยาศาสตร์การแพทย์ และสุขภาพ
วิทยาศาสตร์การแพทย์ และสุขภาพ
WS125 ก511 ฉ.2 
  Barcode: 19273
ห้องสมุดวิทยาเขตนครสวรรค์
►ส่วนจัดเก็บหนังสือเก่า นว.
บนชั้น
  ขอยืม
3. วิทยาศาสตร์การแพทย์ และสุขภาพ
วิทยาศาสตร์การแพทย์ และสุขภาพ
WS125 ก511 ฉ.3 
  Barcode: 19274
ห้องสมุดวิทยาเขตนครสวรรค์
►ส่วนจัดเก็บหนังสือเก่า นว.
บนชั้น
  ขอยืม
4. การศึกษาทั่วไป
การศึกษาทั่วไป
WS125 ก511 ฉ.4 
  Barcode: 19702
ห้องสมุดวิทยาเขตนครสวรรค์
►ส่วนจัดเก็บหนังสือเก่า นว.
บนชั้น
  ขอยืม
5. การศึกษาทั่วไป
การศึกษาทั่วไป
WS125 ก511 ฉ.5 
  Barcode: 19703
ห้องสมุดวิทยาเขตนครสวรรค์
►ส่วนจัดเก็บหนังสือเก่า นว.
บนชั้น
  ขอยืม

รายการใกล้เคียง
    หัวเรื่อง [การเลี้ยงลูกด้วยนมแม่]
    หัวเรื่อง [การให้น้ำนมมารดา]
    หัวเรื่อง [น้ำนมมารดา, การเลี้ยงลูก]
    หัวเรื่อง [โภชนาการทารก]

BibComment


ยังไม่เคยถูกคอมเมนท์

คอมเมนท์ทรัพยากรรายการนี้
  คอมเมนท์: การเลี้ยงลูกด้วย..


 Copyright 2026. Bcnsprnw @Library